000 00471nam a2200181Ia 4500
005 20240823055920.0
008 240823s9999||||xx |||||||||||||| ||und||
041 _aENGLISH
082 _A414.8 N8
100 _aKenneth N Steven
245 0 _aAcoustic Phonetics
250 _a1st
260 _c1998
_bCambridege University Press
500 _aTRANSFERED
650 _aAudiology Speech and Language Pathology
_bAllied Health Science
942 _cBK
999 _c229898
_d229898